Premier League - Multiple Choice - Statistics

General Stats
  • This quiz has been taken 262 times
  • The average score is 10 of 16
Answer Stats
Question Answer % Correct
Who has the most goals in Premier League history? Alan Shearer
87%
Which team is the only team to go a whole season unbeaten in the Premier League? Arsenal
85%
Which of these players have NEVER won a Premier League? Steven Gerrard
75%
Which team did Aguero score his famous title winning goal against in 2012? QPR
71%
Sunderland scored against Liverpool in 2009 when the football deflected in off what object? a beach ball
66%
Which player was banned for 9 months after fly-kicking an opposition fan? Eric Cantona
66%
Which one of these teams have been relegated from the Premier League? Manchester City
66%
Who was the first team to win the Premier League? Manchester United
66%
Who has scored the quickest hat-trick in Premier League history? Sadio Mané
66%
Which keeper holds the most clean sheets in Premier League history? Petr Čech
65%
In which year was the Premier League founded? 1992
62%
Who has the most assists in Premier League history? Ryan Giggs
60%
Who has the most appearances in Premier League history? Gareth Barry
58%
How many times have Manchester United won the Premier League? 13
54%
How many teams have played in the Premier League? 50
32%
Who is the oldest outfield player to play in the Premier League? Teddy Sheringham
31%
No matching quizzes found
Score Distribution
Percent of People with Each Score
Percentile by Number Answered
Your Score History
You have not taken this quiz